000
00301nam a22001337a 4500
008
181008b xxu||||| |||| 00| 0 eng d
020
_a
155664017-X
041
_a
eng
080
_a
61
100
_a
6
101
_a
ANE
245
_a
Current Practice in Anesthesiology
_c
Rogers,M.C
942
_2
udc
_c
BK
999
_c
49007
_d
49007